000 01423nam a22001457a 4500
999 _c519870
_d519870
008 220511b ||||| |||| 00| 0 eng d
100 _aCox, Robynn and Cunningham, Jamein P.
_933166
245 _aFinancing the war on drugs: The impact of law enforcement grants on racial disparities in drug arrests
260 _aJournal of Policy Analysis and Management
300 _a40(1), Winter, 2021: p.191-224
520 _aThis study estimates the impact of the discretionary Edward Byrne Memorial State and Local Law Enforcement Assistance Program (EBMGP) on drug arrests and crime. The 1986 and 1988 Anti-Drug Abuse Act allocated federal funds to state and local municipalities to combat illicit drug use and violent crime associated with drug sales and trafficking. The results show that the implementation of the EBMGP resulted in an increase in police hiring, an increase in drug sales arrest rates for Blacks and Whites, and a decrease in total crime. Nonetheless, Black-White racial disparity in the drug sales arrest rate still significantly increases by approximately 1 for every 1,000 Black residents. Our findings highlight the role of federal crime control policies in state and local policing. Although, the EBMGP was a color-blind policy initiative, it was not race neutral in its implementation. – Reproduced
773 _aJournal of Policy Analysis and Management
906 _aDRUG ABUSE
942 _cAR